| 000 | 00825nam a2200205Ia 4500 | ||
|---|---|---|---|
| 001 | 9813 | ||
| 003 | GE_BSU | ||
| 008 | 181216s||||||||xx |||||||||||||| ||und|| | ||
| 040 | _cGE_BSU | ||
| 100 | _aორბელიანი,სულხან–საბა | ||
| 245 | _aსიბრძნე სიცრუისა:რჩეული იგავ–არაკები | ||
| 245 | _cმხატვ.ლორეტა შენგელია.მხატვ.ნინო სარჯველაძე | ||
| 260 | _aთბილისი | ||
| 260 | _bსაბჭოთა საქართველო | ||
| 260 | _c1990 | ||
| 300 | _a152გვ.ილ.20სმ. | ||
| 653 | _aრჩეული იგავ–არაკები | ||
| 653 | _aსიბრძნე სიცრუისა | ||
| 942 | _cBK | ||
| 999 |
_c43092 _d43092 |
||